El habla coloquial de Hipólito Mejía : (Registro nro. 15537)

Detalles MARC
000 -LEADER
fixed length control field 01685nam a2200457 a 4500
001 - CONTROL NUMBER
control field 000003172
003 - CONTROL NUMBER IDENTIFIER
control field DO-SdBNP
005 - DATE AND TIME OF LATEST TRANSACTION
control field 20251121114825.0
007 - PHYSICAL DESCRIPTION FIXED FIELD--GENERAL INFORMATION
fixed length control field ta
008 - FIXED-LENGTH DATA ELEMENTS--GENERAL INFORMATION
fixed length control field 090707s2003 dr er 001 0 spa d
020 ## - INTERNATIONAL STANDARD BOOK NUMBER
International Standard Book Number 9993461857
040 ## - CATALOGING SOURCE
Original cataloging agency DO-SdBNP
Language of cataloging spa
Transcribing agency BNPHU
082 ## - DEWEY DECIMAL CLASSIFICATION NUMBER
Edition number 22
Classification number 460.141
Item number M433h
100 10 - MAIN ENTRY--PERSONAL NAME
Personal name Matos Moquete, Manuel,
Dates associated with a name 1944-
100 z# - MAIN ENTRY--PERSONAL NAME
Personal name Moquete, Manuel Matos,
Dates associated with a name 1944-
245 13 - TITLE STATEMENT
Title El habla coloquial de Hipólito Mejía :
Remainder of title estudio de un idiolecto /
Statement of responsibility, etc. Manuel Matos Moquete.
260 ## - PUBLICATION, DISTRIBUTION, ETC. (IMPRINT)
Place of publication, distribution, etc. Santo Domingo :
Name of publisher, distributor, etc. INTEC,
Date of publication, distribution, etc. 2003.
300 ## - PHYSICAL DESCRIPTION
Extent 246 p. ;
Dimensions 23 cm.
500 ## - GENERAL NOTE
General note Incluye datos biográficos del autor.
504 ## - BIBLIOGRAPHY, ETC. NOTE
Bibliography, etc Incluye notas y referencias bibliográficas al pie de las páginas.
504 ## - BIBLIOGRAPHY, ETC. NOTE
Bibliography, etc Bibliográfía : p. 245-246
590 ## - LOCAL NOTE (RLIN)
Local note Inventariado, 2018 / BT
600 10 - SUBJECT ADDED ENTRY--PERSONAL NAME
Personal name Mejía, Hipólito,
Dates associated with a name 1941-
General subdivision Citas, máximas, etc.
600 14 - SUBJECT ADDED ENTRY--PERSONAL NAME
Personal name Mejía, Hipólito,
Dates associated with a name 1941-
General subdivision Oratoria
600 14 - SUBJECT ADDED ENTRY--PERSONAL NAME
Personal name Mejía, Hipólito,
Dates associated with a name 1941-
General subdivision Lenguaje
600 z# - SUBJECT ADDED ENTRY--PERSONAL NAME
Personal name Mejía Domínguez, Hipólito,
Dates associated with a name 1941-
600 z# - SUBJECT ADDED ENTRY--PERSONAL NAME
Personal name Mejía D., R. Hipólito‏ ‎
Dates associated with a name 1941-
Fuller form of name (Rafael Hipólito Mejía Domínguez),‏
650 #4 - SUBJECT ADDED ENTRY--TOPICAL TERM
Topical term or geographic name as entry element Español
General subdivision Semántica
650 #4 - SUBJECT ADDED ENTRY--TOPICAL TERM
Topical term or geographic name as entry element Español
General subdivision Provincialismos
Geographic subdivision República Dominicana
650 #4 - SUBJECT ADDED ENTRY--TOPICAL TERM
Topical term or geographic name as entry element Lingüística
General subdivision Investigaciones
650 #4 - SUBJECT ADDED ENTRY--TOPICAL TERM
Topical term or geographic name as entry element Análisis del discurso
650 #4 - SUBJECT ADDED ENTRY--TOPICAL TERM
Topical term or geographic name as entry element Oratoria política
650 #4 - SUBJECT ADDED ENTRY--TOPICAL TERM
Topical term or geographic name as entry element Comunicación política
650 #4 - SUBJECT ADDED ENTRY--TOPICAL TERM
Topical term or geographic name as entry element Presidentes
Geographic subdivision República Dominicana
General subdivision Lenguaje
710 2# - ADDED ENTRY--CORPORATE NAME
Corporate name or jurisdiction name as entry element Instituto Tecnológico de Santo Domingo
710 z# - ADDED ENTRY--CORPORATE NAME
Corporate name or jurisdiction name as entry element INTEC
710 z# - ADDED ENTRY--CORPORATE NAME
Corporate name or jurisdiction name as entry element I.N.T.E.C.
710 z# - ADDED ENTRY--CORPORATE NAME
Corporate name or jurisdiction name as entry element Instituto Tecnológico Santo Domingo
910 ## - USER-OPTION DATA (OCLC)
User-option data Validado. Control de calidad MMOLINA
942 ## - ADDED ENTRY ELEMENTS (KOHA)
Source of classification or shelving scheme Dewey Decimal Classification
Koha item type

No hay ítems disponibles.